Подробности
| 000 -МАРКЕР |
| контрольное поле |
02864nam0a22003251 4500 |
| 001 - ИДЕНТИФИКАТОР ЗАПИСИ |
| контрольное поле |
rc\4729753 |
| 005 - ИДЕНТИФИКАТОР ВЕРСИИ |
| контрольное поле |
20260407114118.0 |
| 021 ## - НОМЕР ГОСУДАРСТВЕННОЙ РЕГИСТРАЦИИ |
| Код страны |
российская федерация |
| Номер |
Рг2554-66 |
| 021 ## - НОМЕР ГОСУДАРСТВЕННОЙ РЕГИСТРАЦИИ |
| Код страны |
российская федерация |
| Номер |
66-17902 |
| 035 ## - ДРУГИЕ СИСТЕМНЫЕ НОМЕРА |
| Идентификатор записи |
(NLR Aleph) 008446898 |
| 100 ## - ДАННЫЕ ОБЩЕЙ ОБРАБОТКИ |
| Данные общей обработки |
20130416d1965 |||y0rusy50 ca |
| 101 0# - ЯЗЫК РЕСУРСА |
| Язык текста, звукозаписи и т.д. |
русский |
| 102 ## - СТРАНА ПУБЛИКАЦИИ ИЛИ ПРОИЗВОДСТВА |
| Страна публикации |
российская федерация |
| 105 ## - ПОЛЕ КОДИРОВАННЫХ ДАННЫХ: ТЕКСТОВЫЕ МАТЕРИАЛЫ, МОНОГРАФИЧЕСКИЕ |
| Кодированные данные о монографическом текстовом документе |
y z ||||| |
| 200 1# - ЗАГЛАВИЕ И СВЕДЕНИЯ ОБ ОТВЕТСТВЕННОСТИ |
| Основное заглавие |
Планирование капитальных вложений в жилую застройку в городах РСФСР и контроль за эффективностью использования средств на основе средней плановой стоимости |
| Сведения, относящиеся к заглавию |
[Проспект |
| Первые сведения об ответственности |
Выставка достижений нар. хоз. СССР. Объедин. павильоны "Строительство". Госстрой СССР. Науч.-исслед. ин-т экономики строительства |
| 210 ## - ПУБЛИКАЦИЯ, РАСПРОСТРАНЕНИЕ И ДР. |
| Место издания, распространения и т.д. |
Москва] |
| Имя издателя, распространителя и т. д. |
Б. и. |
| Дата издания, распространения и т.д. |
1965 |
| 215 ## - ФИЗИЧЕСКАЯ ХАРАКТЕРИСТИКА |
| Специфическое обозначение материала и объем |
1 л., слож. в 6 с. |
| Размеры |
21 |
| 311 ## - ПРИМЕЧАНИЯ, ОТНОСЯЩИЕСЯ К ПОЛЯМ СВЯЗИ (ПРИМЕЧАНИЯ О СВЯЗИ С ДРУГИМИ ПРОИЗВЕДЕНИЯМИ (ИЗДАНИЯМИ)) |
| Текст примечания |
Прил.: Эффективность использования капитальных вложений в жилую застройку г. Горького., 1965 |
| 311 ## - ПРИМЕЧАНИЯ, ОТНОСЯЩИЕСЯ К ПОЛЯМ СВЯЗИ (ПРИМЕЧАНИЯ О СВЯЗИ С ДРУГИМИ ПРОИЗВЕДЕНИЯМИ (ИЗДАНИЯМИ)) |
| Текст примечания |
Прил.: Эффективность использования капитальных вложений в жилую застройку г. Пскова., 1965 |
| 311 ## - ПРИМЕЧАНИЯ, ОТНОСЯЩИЕСЯ К ПОЛЯМ СВЯЗИ (ПРИМЕЧАНИЯ О СВЯЗИ С ДРУГИМИ ПРОИЗВЕДЕНИЯМИ (ИЗДАНИЯМИ)) |
| Текст примечания |
Прил.: Эффективность использования капитальных вложений в жилую застройку г. Куйбышева., [1965] |
| 421 #0 - ПРИЛОЖЕНИЕ |
| Встроенное поле |
1010#$arus |
| -- |
2001#$aЭффективность использования капитальных вложений в жилую застройку г. Пскова |
| -- |
210##$d1965 |
| -- |
215##$a[3] с. |
| Заглавие |
Эффективность использования капитальных вложений в жилую застройку г. Пскова |
| 421 #0 - ПРИЛОЖЕНИЕ |
| Встроенное поле |
1010#$arus |
| -- |
2001#$aЭффективность использования капитальных вложений в жилую застройку г. Куйбышева |
| -- |
210##$d[1965] |
| -- |
215##$a[2] с. |
| Заглавие |
Эффективность использования капитальных вложений в жилую застройку г. Куйбышева |
| 421 #0 - ПРИЛОЖЕНИЕ |
| Встроенное поле |
1010#$arus |
| -- |
2001#$aЭффективность использования капитальных вложений в жилую застройку г. Горького |
| -- |
210##$d1965 |
| -- |
215##$a[2] с. |
| Заглавие |
Эффективность использования капитальных вложений в жилую застройку г. Горького |
| 712 02 - НАИМЕНОВАНИЕ ОРГАНИЗАЦИИ - ВТОРИЧНАЯ ОТВЕТСТВЕННОСТЬ |
| Начальный элемент ввода |
НИИ экономики строительства |
| Идентифицирующий признак |
Москва |
| Идентификатор авторитетной/нормативной записи |
RU\NLR\AUTH\889946019 |
| Системный номер авторитетной/нормативной записи |
387534 |
| 801 #0 - ИСТОЧНИК ЗАПИСИ |
| Страна |
российская федерация |
| Организация |
NLR |
| Правила каталогизации |
psbo |
| 801 #1 - ИСТОЧНИК ЗАПИСИ |
| Страна |
российская федерация |
| Организация |
ELAR |
| Источник данных |
rusmarc |
| 852 ## - МЕСТОНАХОЖДЕНИЕ И ШИФР ХРАНЕНИЯ |
| Идентификатор организации |
NLR |
| Шифр хранения (Call Number) |
66-4/5530 |
| 942 ## - ДОПОЛНИТЕЛЬНЫЕ ЭЛЕМЕНТЫ ЗАПИСИ (АБИС) |
| Тип экземпляра АБИС |
Книга |
| 980 ## - КОЛЛЕКЦИЯ |
| Название коллекции |
Национальная библиография |